|
|
|
|
| LEADER |
00000nam0a2200000 4500 |
| 001 |
168744 |
| 005 |
20231031163210.0 |
| 035 |
|
|
|a (RuTPU)RU\TPU\book\183062
|
| 090 |
|
|
|a 168744
|
| 100 |
|
|
|a 20091102d1956 m y0rusy50 ca
|
| 101 |
0 |
|
|a rus
|
| 102 |
|
|
|a RU
|
| 105 |
|
|
|a y j 001zy
|
| 200 |
1 |
|
|a Историческая грамматика русского языка
|e сборник упражнений
|e учебное пособие для педагогических институтов
|f И. А. Василенко
|
| 210 |
|
|
|a Москва
|c Учпедгиз
|d 1956
|
| 215 |
|
|
|a 271 с.
|
| 320 |
|
|
|a Библиогр.: с. 270-271.
|
| 610 |
1 |
|
|a русский язык
|
| 610 |
1 |
|
|a грамматика
|
| 610 |
1 |
|
|a история
|
| 610 |
1 |
|
|a фонетика
|
| 610 |
1 |
|
|a морфология
|
| 610 |
1 |
|
|a синтаксис
|
| 686 |
|
|
|a Ш141.2-2
|v LBC/SL-A
|2 rubbk
|
| 700 |
|
1 |
|a Василенко
|b И. А.
|
| 801 |
|
1 |
|a RU
|b 63413507
|c 20091102
|
| 801 |
|
2 |
|a RU
|b 63413507
|c 20100227
|g RCR
|
| 942 |
|
|
|c BK
|